| 000 | 00448cam a2200181ua 4500 | ||
|---|---|---|---|
| 020 | _c3.00 | ||
| 041 |
_aeng _h |
||
| 082 |
_a370.9 _bKEA/HI |
||
| 100 | _aKeay, F.E . | ||
| 245 |
_aHistory of education in India and Pakistan / _ckeay, F.E. _hTextual Documents |
||
| 260 |
_a : _bOxford & IBH Book Company , _c1959. |
||
| 300 | _a228 ; . | ||
| 365 | _a3.00 | ||
| 504 | _a | ||
| 942 | _cBK | ||
| 999 |
_c11906 _d11906 |
||